| 000 | 00359nam a2200145Ia 4500 | ||
|---|---|---|---|
| 008 | 220216s9999 xx 000 0 und d | ||
| 100 | _aSurykumar S. | ||
| 245 | 0 | _aTapping thozhilaly dowrlabhyam: Oru visakalanam | |
| 260 |
_bRubber _c2010 |
||
| 300 | _a20-21 | ||
| 700 | _aAbraham Rosamma | ||
| 700 | _aGeethkrishnan | ||
| 700 | _aNair R.B. | ||
| 942 | _cBS | ||
| 999 |
_c51971 _d51971 |
||